| 000 | 02064cam a22004454i 4500 | ||
|---|---|---|---|
| 003 | PE-LiUPU | ||
| 005 | 20250731165433.0 | ||
| 008 | 160302s1994 pe grm 000 0 spa d | ||
| 035 | _a(Sirsi) a156356 | ||
| 040 |
_aPE-LiUPU _bspa _cPE-LiUPU _erda |
||
| 099 |
_aTE 2 _bY93 1994 |
||
| 100 | 1 |
_aYufra Urrutia, Daysi Marlene _eaautor |
|
| 245 | 1 |
_aAplicaciones de las ecuaciones diferenciales de primer orden, al estudio de la cinemática química / _cDaysi Marlene Yufra Urrutia. |
|
| 264 | 0 | _c1994. | |
| 300 |
_a112 hojas _c30 cm |
||
| 336 |
_atext _2rdacontent |
||
| 337 |
_aunmediated _2rdamedia |
||
| 338 |
_avolume _2rdacarrier |
||
| 502 |
_aTesis _b(Lic.) -- _cUniversidad Peruana Unión, _d1994. |
||
| 504 | _aIncluye referencias | ||
| 520 | 3 | _aEn el plan de estudios de la carrera de educación en la especialidad de matemática y física, se considera la asignatura de matemática II, cuyo contenido contempla el estudio de las ecuaciones diferenciales ordinarias. De la experiencia de haber cursado dicha asignatura surgió la necesidad de conocer las aplicaciones al campo de la cinemática química. Creemos que las aplicaciones de la ciencia matemática a las ciencias factuales es de tal imperativo para el desarrollo de esta. Las aplicaciones y la construcción de modelos referentes a la cinemática química nos permitirá conocer, entender los conceptos de radioactividad, reacciones químicas de primer y segundo orden, reacciones auto catalíticas, reacciones paralelas y otros. | |
| 526 | _aSEG44 | ||
| 526 | _aSEG26 | ||
| 526 | _aP151 | ||
| 526 | _aP150 | ||
| 526 | _aP149 | ||
| 526 | _aP146 | ||
| 526 | _aP145 | ||
| 526 | _aP126 | ||
| 526 | _aP125 | ||
| 526 | _aP92 | ||
| 526 | _aP75 | ||
| 526 | _aP74 | ||
| 526 | _aP27 | ||
| 526 | _aP15 | ||
| 650 | 1 | 4 |
_aCinemática Química _xEcuaciones diferenciales. |
| 596 | _a1 | ||
| 942 |
_2ddc _cTESIS |
||
| 999 |
_aTE 2 Y93 1994 _wALPHANUM _c9038 _iT00218 _lCCODEBUL3 _mBUL _r1 _sY _tTESIS _u2016-3-2 _xEDUCACION _PP15 _o.STAFF. Tesis _d9038 |
||
| 980 |
_81 _gALBERTO SANCHEZ Responsable de Automatización |
||